| 000 | 00000nam 2200000zi 4500 |
| 001 | 9.914358 |
| 003 | CaOODSP |
| 005 | 20230505085147 |
| 006 | m o d f |
| 007 | cr cn||||||||| |
| 008 | 220812s2022 onc o f000 0 fre d |
| 020 | |a9780660413501 |
| 040 | |aCaOODSP|bfre|erda|cCaOODSP |
| 043 | |an-cn--- |
| 086 | 1 |aCi4-238/2022F-PDF |
| 245 | 00|aProgramme de perfectionnement du service de l'extérieur : |bune portée mondiale, à dimension humaine. |
| 264 | 1|a[Ottawa] : |bImmigration, Réfugiés et Citoyenneté Canada = Immigration, Refugees and Citizenship Canada, |c2022. |
| 300 | |a1 ressource en ligne (1 page) |
| 336 | |atexte|btxt|2rdacontent/fre |
| 337 | |ainformatique|bc|2rdamedia/fre |
| 338 | |aressource en ligne|bcr|2rdacarrier/fre |
| 500 | |aPublié aussi en anglais sous le titre : Foreign Service Development Program. |
| 650 | 6|aEmploi à l'étranger|zCanada. |
| 650 | 6|aPersonnel|xRecrutement|zCanada. |
| 710 | 1 |aCanada. |bImmigration, réfugiés et citoyenneté Canada, |eorganisme de publication. |
| 775 | 08|tForeign Service Development Program : |w(CaOODSP)9.914357 |
| 856 | 40|qPDF|s2.49 Mo|uhttps://publications.gc.ca/collections/collection_2023/ircc/Ci4-238-2022-fra.pdf |